Early Modern Empires - Statistics

General Stats
  • This quiz has been taken 128 times
  • The average score is 10 of 23
Answers on the Map
Answers color-coded by a green-red scale on the quiz's map according to % correct below.
 
Answer Stats
Answer % Correct
Russia
94%
Ottoman
90%
Inca
86%
Aztec
76%
Mughal
68%
Ming/Qing China
54%
Spanish Empire
48%
Portuguese Empire
46%
French Empire
44%
British Empire
42%
Dutch Empire
38%
Istanbul
34%
Songhai
34%
Beijing
32%
Cuzco
32%
Jakarta
32%
Safavid
32%
St. Petersburg
32%
Tenochtitlan
32%
Edo
30%
Isfahan
26%
Tokugawa Japan
20%
Calicut
18%
No matching quizzes found
Score Distribution
Percent of People with Each Score
Percentile by Number Answered
Your Score History
You have not taken this quiz